| 000 | 00511nam a2200181Ia 4500 | ||
|---|---|---|---|
| 003 | GCL | ||
| 008 | 140319s9999 xx 000 0 ara d | ||
| 040 |
_aGCL / _cGCL |
||
| 082 | 0 | 4 |
_a301.32 _bا م |
| 100 | 1 | _aاميرة منصور يوسف على | |
| 245 | 1 | 0 |
_aالمدخل اجتماعى للسكان والاسرة / _cاميرة منصور يوسف على |
| 300 | _a221 | ||
| 490 |
_aكتاب _v0 |
||
| 650 | 0 | 4 | _aالمجتمع |
| 650 | 0 | 4 | _aالاسرة |
| 650 | 0 | 4 | _aالسكان |
| 942 |
_2ddc _cBK |
||
| 999 |
_c43280 _d43280 |
||